Statistics for L Cities

Click here to take the quiz!

General Stats

  • This quiz has been taken 28 times
  • The average score is 12 of 18

Answer Stats

CountryCity% Correct
PeruLima
93%
IrelandLimerick
89%
NigeriaLagos
85%
United KingdomLondon
85%
United KingdomLiverpool
81%
PakistanLahore
78%
FranceLyon
78%
BoliviaLa Paz
74%
SloveniaLjubljana
74%
United States of AmericaLos Angeles
74%
AngolaLuanda
70%
EgyptLuxor
70%
GermanyLeipzig
59%
GabonLibreville
59%
United States of AmericaLas Vegas
52%
TogoLome
48%
PolandLodz
44%
ChinaLhasa
15%

Score Distribution

Percentile by Number Answered

Percent of People with Each Score

Your Score History

You have not taken this quiz